<?xml version="1.0" encoding="UTF-8"?><?xml-stylesheet type="text/xsl" href="static/style.xsl"?><OAI-PMH xmlns="http://www.openarchives.org/OAI/2.0/" xmlns:xsi="http://www.w3.org/2001/XMLSchema-instance" xsi:schemaLocation="http://www.openarchives.org/OAI/2.0/ http://www.openarchives.org/OAI/2.0/OAI-PMH.xsd"><responseDate>2026-04-28T19:34:15Z</responseDate><request verb="GetRecord" identifier="oai:uvadoc.uva.es:10324/4264" metadataPrefix="marc">https://uvadoc.uva.es/oai/request</request><GetRecord><record><header><identifier>oai:uvadoc.uva.es:10324/4264</identifier><datestamp>2023-03-17T11:36:07Z</datestamp><setSpec>com_10324_30605</setSpec><setSpec>com_10324_894</setSpec><setSpec>col_10324_41</setSpec></header><metadata><record xmlns="http://www.loc.gov/MARC21/slim" xmlns:doc="http://www.lyncode.com/xoai" xmlns:xsi="http://www.w3.org/2001/XMLSchema-instance" xmlns:dcterms="http://purl.org/dc/terms/" xsi:schemaLocation="http://www.loc.gov/MARC21/slim http://www.loc.gov/standards/marcxml/schema/MARC21slim.xsd">
<leader>00925njm 22002777a 4500</leader>
<datafield tag="042" ind1=" " ind2=" ">
<subfield code="a">dc</subfield>
</datafield>
<datafield tag="720" ind1=" " ind2=" ">
<subfield code="a">Basterrechea Elizgaray, José Ezequiel</subfield>
<subfield code="e">author</subfield>
</datafield>
<datafield tag="260" ind1=" " ind2=" ">
<subfield code="c">2013</subfield>
</datafield>
<datafield tag="520" ind1=" " ind2=" ">
<subfield code="a">S. ebulus es una planta medicinal con una gran capacidad antioxidante, y una elevada concentración de polifenoles. Se determinó la capacidad antioxidante y antirradicalaria presente en las distintas partes de la planta. Para ello, se han utilizado los métodos siguientes: Folin-Ciocalteau, CUPRAC, DPPH y Diferencial de pH.     &#xd;
El análisis por HPLC de los extractos crudos de frutos maduros confirma que el cianidín-3-glucósido, es el glucósido más abundante.  El tratamiento térmico reduce en 1/3 la concentración de cianidín-3-glucósido a los 5 minutos.&#xd;
&#xd;
En inflorescencias se aislaron dos lectinas nuevas denominadas SELblo y ebulina blo.  Dado que, el alérgeno Sam nI se aisló de polen y nuestra tesis es que las lectinas de las inflorescencias son alérgenos equivalentes y/o relacionados, se pensó que estas proteínas podrían tener toxicidad por administración nasal. &#xd;
&#xd;
Se estudió ebulina blo porque es la lectina antirribosómica, y en forma de solución que se instiló por vía nasal para evitar la formación de aerosoles que, dada la toxicidad de las ebulinas, podría entrañar un serio peligro.  &#xd;
Ebulina blo presenta una alta toxicidad nasal que es patente por encima de los 2,5 mg/kg.</subfield>
</datafield>
<datafield tag="024" ind2=" " ind1="8">
<subfield code="a">http://uvadoc.uva.es/handle/10324/4264</subfield>
</datafield>
<datafield tag="024" ind2=" " ind1="8">
<subfield code="a">b1664425</subfield>
</datafield>
<datafield tag="024" ind2=" " ind1="8">
<subfield code="a">10.35376/10324/4264</subfield>
</datafield>
<datafield ind1=" " ind2=" " tag="653">
<subfield code="a">Antioxidantes</subfield>
</datafield>
<datafield tag="245" ind1="0" ind2="0">
<subfield code="a">Capacidad antioxidante y antirradicalaria, y nuevas lectinas SELblo y ebulina blo presentes en las inflorescencias del saúco enano (Sambucus ebulus L)</subfield>
</datafield>
</record></metadata></record></GetRecord></OAI-PMH>